[Event "Hilton Open 2011"]
[Site "Basel"]
[Date "2011.01.02"]
[Round "2"]
[White "Sommerhalder, Eric"]
[Black "Bacrot, Nathalie"]
[Result "0-1"]
[WhiteElo "2000"]
[BlackElo "2114"]
[PlyCount "62"]
[EventDate "2011.01.??"]
[EventType "swiss"]
[EventRounds "7"]
[EventCategory "1"]
[SourceDate "2011.01.02"]

1. e4 g6 2. d4 Bg7 3. Nc3 d6 4. f4 e6 5. Nf3 Ne7 6. Bd3 O-O 7. Be3 Nd7 8. Qd2
a6 9. h4 h5 10. g4 hxg4 11. Ng5 Nf6 12. h5 Nxh5 13. Rxh5 gxh5 14. e5 Nf5 15.
Bxf5 exf5 16. Qh2 f6 17. Qxh5 fxg5 18. fxg5 f4 19. Ne4 fxe3 20. Nf6+ Rxf6 21.
exf6 Bxf6 22. gxf6 Qxf6 23. Qe8+ Kg7 24. O-O-O Qe6 25. Qd8 e2 26. Qg5+ Kf8 27.
Re1 Bd7 28. d5 Qf5 29. Qh6+ Kf7 30. Rxe2 Re8 31. Rf2 Re1+ 0-1

[Event "Hilton Open 2011"]
[Site "Basel"]
[Date "2011.01.02"]
[Round "2"]
[White "Graeber, Fabien"]
[Black "Sperzel, Bernd"]
[Result "1-0"]
[WhiteElo "2086"]
[BlackElo "2002"]
[PlyCount "79"]
[EventDate "2011.01.??"]
[EventType "swiss"]
[EventRounds "7"]
[EventCategory "1"]
[SourceDate "2011.01.02"]

1. c4 e5 2. Nc3 Nf6 3. Nf3 Nc6 4. d4 exd4 5. Nxd4 Nxd4 6. Qxd4 Be7 7. g3 O-O 8.
Bg2 d6 9. O-O a6 10. b3 Rb8 11. Bb2 Ne8 12. Qa7 Bd7 13. Nd5 Nf6 14. Nxe7+ Qxe7
15. Bxb7 Bh3 16. Bg2 Bxg2 17. Kxg2 Ne4 18. Qe3 Rfe8 19. f3 Nc5 20. Qxe7 Rxe7
21. Kf2 Rbe8 22. Rfe1 f5 23. Rad1 Kf7 24. Ba3 Ne6 25. b4 Nd8 26. Rd5 g6 27. Bb2
Nc6 28. Bc3 Ne5 29. Bxe5 Rxe5 30. Rxe5 Rxe5 31. e4 a5 32. exf5 Rxf5 33. a3 axb4
34. axb4 h5 35. h3 h4 36. g4 Rf4 37. Re4 Rxe4 38. fxe4 Kf6 39. Kf3 Kg5 40. e5
1-0

[Event "Hilton Open 2011"]
[Site "Basel"]
[Date "2011.01.02"]
[Round "3"]
[White "Bacrot, Etienne"]
[Black "Stojanovic, Mihajlo"]
[Result "1/2-1/2"]
[WhiteElo "2723"]
[BlackElo "2572"]
[PlyCount "82"]
[EventDate "2011.01.??"]
[EventType "swiss"]
[EventRounds "7"]
[EventCategory "1"]
[SourceDate "2011.01.02"]

1. d4 d5 2. c4 e6 3. Nc3 Nf6 4. cxd5 exd5 5. Bg5 Be7 6. e3 O-O 7. Bd3 Nbd7 8.
Nf3 c6 9. O-O Re8 10. Qc2 Nf8 11. h3 Be6 12. Rab1 Ne4 13. Bxe7 Rxe7 14. b4 Bf5
15. Nd2 Nxc3 16. Qxc3 Bxd3 17. Qxd3 Ne6 18. b5 c5 19. dxc5 Nxc5 20. Qa3 Ne6 21.
Nf3 Rd7 22. Rfd1 d4 23. Nxd4 Nxd4 24. exd4 Rxd4 25. Qf3 Rxd1+ 26. Rxd1 Qe7 27.
Qe3 Kf8 28. Qd3 g6 29. a4 Qh4 30. Qf3 Qxa4 31. Rd7 Qa1+ 32. Kh2 Qe5+ 33. g3 Qf5
34. Qxf5 gxf5 35. Rxb7 a5 36. b6 Ra6 37. Ra7 Rxb6 38. Rxa5 Rf6 39. h4 Kg7 40.
Kg2 Kg6 41. Kf3 Rb6 1/2-1/2

[Event "Hilton Open 2011"]
[Site "Basel"]
[Date "2011.01.02"]
[Round "3"]
[White "Mirzoev, Azer"]
[Black "Ovsejevitsch, Sergei"]
[Result "1/2-1/2"]
[WhiteElo "2563"]
[BlackElo "2582"]
[PlyCount "117"]
[EventDate "2011.01.??"]
[EventType "swiss"]
[EventRounds "7"]
[EventCategory "1"]
[SourceDate "2011.01.02"]

1. d4 Nf6 2. Nf3 e6 3. c4 d5 4. Nc3 Be7 5. Bg5 O-O 6. e3 h6 7. Bh4 Ne4 8. Bxe7
Qxe7 9. Rc1 Nxc3 10. Rxc3 c6 11. Qb1 Nd7 12. cxd5 exd5 13. Bd3 a5 14. O-O Nf6
15. a3 Bg4 16. Ne5 Be6 17. b4 axb4 18. axb4 Nd7 19. Nxd7 Bxd7 20. b5 Ra3 21.
Rxa3 Qxa3 22. bxc6 bxc6 23. Bh7+ Kh8 24. Bf5 Bxf5 25. Qxf5 Qd6 26. Rc1 Kg8 27.
g3 g6 28. Qc2 Rc8 29. h4 h5 30. Qa4 Kg7 31. Qa6 Qd7 32. Qb6 Rc7 33. Kg2 Kh7 34.
Qb8 Rc8 35. Qf4 Qe6 36. Rc5 Kg7 37. Ra5 Qe7 38. Rc5 Qe6 39. Qf3 Ra8 40. Rc2 Ra7
41. Rb2 Qd6 42. Qd1 Rc7 43. Rb8 Qd7 44. Qb1 Rc8 45. Rb7 Rc7 46. Rb6 Rc8 47. Ra6
Rc7 48. Qb8 Qc8 49. Qb6 Kh7 50. Ra2 Rb7 51. Qa6 Qd7 52. Rc2 Rc7 53. Qb6 Kg7 54.
Qb8 Qe7 55. Kh2 Rb7 56. Qa8 Qe4 57. Qxb7 Qxc2 58. Kg2 Qe4+ 59. Kg1 1/2-1/2

[Event "Hilton Open 2011"]
[Site "Basel"]
[Date "2011.01.02"]
[Round "3"]
[White "Battaglini, Gabriel"]
[Black "Pelletier, Yannick"]
[Result "0-1"]
[WhiteElo "2437"]
[BlackElo "2586"]
[PlyCount "122"]
[EventDate "2011.01.??"]
[EventType "swiss"]
[EventRounds "7"]
[EventCategory "1"]
[SourceDate "2011.01.02"]

1. d4 Nf6 2. c4 e6 3. Nc3 Bb4 4. Nf3 c5 5. e3 O-O 6. Bd3 d5 7. O-O Nc6 8. a3
Ba5 9. Ne2 dxc4 10. Bxc4 cxd4 11. exd4 h6 12. Be3 Qe7 13. b4 Bb6 14. b5 Na5 15.
Bd3 Bd7 16. Ne5 Rfc8 17. Nf4 Be8 18. Re1 Qd8 19. Nh5 Nxh5 20. Qxh5 Bxd4 21.
Bxd4 Qxd4 22. Rad1 Qf4 23. g3 Qg5 24. Qf3 b6 25. Be4 Rab8 26. Nd7 f5 27. h4 Qh5
28. Nxb8 fxe4 29. Qxh5 Bxh5 30. Nc6 Nxc6 31. Rc1 Ne7 32. Rxc8+ Nxc8 33. Rxe4
Kf7 34. Rc4 Nd6 35. Rc7+ Kf6 36. a4 Bf3 37. Rxa7 Nc4 38. Rc7 Na5 39. Rc8 Bd5
40. Rb8 Nc4 41. f4 h5 42. Kf2 g6 43. Ke2 Kf5 44. Kf2 e5 45. Rf8+ Ke6 46. Rg8
Be4 47. Rc8 Kd5 48. fxe5 Nxe5 49. Ke3 Bf5 50. Rc7 Kd6 51. Ra7 Kd5 52. Rc7 Kd6
53. Rb7 Kc5 54. Rc7+ Kb4 55. Kd4 Nd7 56. Rc4+ Ka5 57. Kd5 Nc5 58. Ke5 Nxa4 59.
Kf6 Nc5 60. g4 Nd7+ 61. Kg5 Bxg4 0-1

[Event "Hilton Open 2011"]
[Site "Basel"]
[Date "2011.01.02"]
[Round "3"]
[White "Korneev, Oleg"]
[Black "Heimann, Andreas"]
[Result "1/2-1/2"]
[WhiteElo "2576"]
[BlackElo "2476"]
[PlyCount "61"]
[EventDate "2011.01.??"]
[EventType "swiss"]
[EventRounds "7"]
[EventCategory "1"]
[SourceDate "2011.01.02"]

1. e4 e5 2. Nf3 Nc6 3. Bb5 a6 4. Ba4 Nf6 5. O-O Be7 6. Re1 b5 7. Bb3 O-O 8. h3
Bb7 9. d3 d6 10. a3 Na5 11. Ba2 c5 12. Nc3 Nc6 13. Bg5 h6 14. Bxf6 Bxf6 15. a4
b4 16. Nd5 g6 17. Nxf6+ Qxf6 18. Bd5 Ra7 19. c3 Kg7 20. a5 Rb8 21. Re3 Nd8 22.
Rc1 Bxd5 23. exd5 bxc3 24. bxc3 Rb5 25. Ra1 Nb7 26. c4 Rb4 27. Ra2 Ra8 28. g3
Rb8 29. Kg2 Qd8 30. Qa1 f6 31. Nh2 1/2-1/2

[Event "Hilton Open 2011"]
[Site "Basel"]
[Date "2011.01.02"]
[Round "3"]
[White "Hamdouchi, Hichem"]
[Black "Hamdouchi, Adina-Maria"]
[Result "1-0"]
[WhiteElo "2592"]
[BlackElo "2293"]
[PlyCount "63"]
[EventDate "2011.01.??"]
[EventType "swiss"]
[EventRounds "7"]
[EventCategory "1"]
[SourceDate "2011.01.02"]

1. d4 Nf6 2. Bg5 g6 3. Bxf6 exf6 4. e3 Bg7 5. h4 d5 6. h5 f5 7. Ne2 Nd7 8. Nf4
Nf8 9. c4 dxc4 10. Bxc4 Ne6 11. Bxe6 Bxe6 12. Nc3 c6 13. Qa4 Qd7 14. O-O-O b6
15. Kb1 O-O-O 16. Rc1 Kb8 17. h6 Bf6 18. Rhd1 Be7 19. d5 cxd5 20. Nb5 Rc8 21.
Rxc8+ Rxc8 22. Nxd5 Bxd5 23. Rxd5 Qb7 24. Qxa7+ Qxa7 25. Nxa7 Rc7 26. Nb5 Rc5
27. Rd7 Bg5 28. a4 f4 29. exf4 Bxh6 30. g3 Rf5 31. Rd8+ Kb7 32. Nd6+ 1-0

[Event "Hilton Open 2011"]
[Site "Basel"]
[Date "2011.01.02"]
[Round "3"]
[White "Malakhatko, Vadim"]
[Black "Lutz, Bernhard"]
[Result "1/2-1/2"]
[WhiteElo "2546"]
[BlackElo "2292"]
[PlyCount "83"]
[EventDate "2011.01.??"]
[EventType "swiss"]
[EventRounds "7"]
[EventCategory "1"]
[SourceDate "2011.01.02"]

1. d4 e6 2. c4 Nf6 3. Nf3 b6 4. g3 Bb7 5. Bg2 Be7 6. O-O O-O 7. Nc3 Ne4 8. Bd2
Bf6 9. Rc1 c5 10. d5 exd5 11. cxd5 Nxd2 12. Nxd2 d6 13. Nde4 Be7 14. f4 f5 15.
Nf2 Na6 16. Re1 Nc7 17. a3 Bf6 18. Qd2 Qd7 19. e4 fxe4 20. Nfxe4 Bd4+ 21. Kh1
h6 22. Ne2 Bf6 23. Nxf6+ Rxf6 24. Nc3 Rff8 25. h4 Rae8 26. Kh2 Bc8 27. Rxe8
Rxe8 28. Re1 Kf8 29. Kg1 Rxe1+ 30. Qxe1 Qe7 31. Qd2 Bf5 32. Bf3 Bd7 33. Kf2 Nb5
34. Ne2 Nc7 35. Kg2 Ne8 36. Nc3 Nf6 37. Kf2 Bc8 38. Qd3 Qd7 39. Kg1 Qh3 40. Bg2
Qg4 41. Kf2 Qd7 42. Ke1 1/2-1/2

[Event "Hilton Open 2011"]
[Site "Basel"]
[Date "2011.01.02"]
[Round "3"]
[White "Alfred, Nathan"]
[Black "Ibrahimov, Rasul"]
[Result "1/2-1/2"]
[WhiteElo "2268"]
[BlackElo "2538"]
[PlyCount "46"]
[EventDate "2011.01.??"]
[EventType "swiss"]
[EventRounds "7"]
[EventCategory "1"]
[SourceDate "2011.01.02"]

1. e4 c5 2. Nf3 d6 3. d4 cxd4 4. Nxd4 Nf6 5. Nc3 a6 6. Be2 e5 7. Nb3 Be7 8. O-O
O-O 9. Kh1 Nc6 10. f4 b5 11. Qe1 Bb7 12. a3 Nd4 13. Bd3 Nxb3 14. cxb3 Rc8 15.
Qg3 Nh5 16. Qh3 Nxf4 17. Bxf4 exf4 18. Rxf4 g6 19. Raf1 Rc7 20. b4 Bg5 21. R4f2
Re7 22. Bc2 Bc8 23. Qd3 Be6 1/2-1/2

[Event "Hilton Open 2011"]
[Site "Basel"]
[Date "2011.01.02"]
[Round "3"]
[White "Vulevic, Vjekoslav"]
[Black "Eschbach, Dennis"]
[Result "1-0"]
[WhiteElo "2293"]
[BlackElo "2416"]
[PlyCount "99"]
[EventDate "2011.01.??"]
[EventType "swiss"]
[EventRounds "7"]
[EventCategory "1"]
[SourceDate "2011.01.02"]

1. e4 e6 2. c4 d5 3. exd5 exd5 4. cxd5 Nf6 5. d4 Nxd5 6. Nc3 Be7 7. Bb5+ c6 8.
Bd3 O-O 9. h3 Be6 10. Nge2 Nd7 11. O-O N7b6 12. a3 Nxc3 13. bxc3 Bc4 14. a4
Bxd3 15. Qxd3 Qd5 16. Re1 Qc4 17. Qg3 Rfe8 18. Bh6 Bf8 19. Nf4 g6 20. Bxf8 Kxf8
21. a5 Na4 22. Rec1 b5 23. Rab1 a6 24. h4 c5 25. h5 cxd4 26. hxg6 hxg6 27. Rb4
Qc6 28. Rxd4 Nc5 29. Rcd1 Ne6 30. Rd6 Nxf4 31. Qxf4 Qxc3 32. Rxg6 Re1+ 33. Rxe1
Qxe1+ 34. Kh2 Rd8 35. Rxa6 Qd2 36. Qh4 Kg7 37. Qf6+ Kg8 38. Rb6 Qd5 39. Qh4
Qe5+ 40. Qg3+ Qxg3+ 41. Kxg3 Rd3+ 42. Kf4 Rb3 43. a6 Ra3 44. Ke4 Kg7 45. Kd4
Ra2 46. Kc5 Rxf2 47. a7 Ra2 48. Rb7 b4 49. Kb6 b3 50. Kc7 1-0

[Event "Hilton Open 2011"]
[Site "Basel"]
[Date "2011.01.02"]
[Round "3"]
[White "Clausen, Martin"]
[Black "Kolbus, Dietmar"]
[Result "0-1"]
[WhiteElo "2082"]
[BlackElo "2332"]
[PlyCount "78"]
[EventDate "2011.01.??"]
[EventType "swiss"]
[EventRounds "7"]
[EventCategory "1"]
[SourceDate "2011.01.02"]

1. e4 c5 2. c3 d5 3. exd5 Qxd5 4. d4 Nf6 5. Nf3 Bg4 6. Be2 e6 7. O-O Nc6 8. h3
Bh5 9. c4 Qd8 10. g4 Bg6 11. g5 Nd7 12. d5 exd5 13. cxd5 Nb4 14. Na3 Bd6 15.
Nc4 Nb6 16. Nxd6+ Qxd6 17. Bb5+ Kf8 18. Bd2 Bd3 19. Bf4 Qxd5 20. Bxd3 Nxd3 21.
Be3 Re8 22. Qc2 Nc4 23. Qe2 Ncxb2 24. Rab1 b6 25. Rbd1 Nxd1 26. Rxd1 c4 27. Ne1
Rd8 28. Rd2 h6 29. g6 fxg6 30. Qg4 Kf7 31. Nf3 Rhe8 32. Rc2 Qe4 33. Qg3 Ne5 34.
Nxe5+ Qxe5 35. Qg4 Qe4 36. Qe2 Rd3 37. Rd2 Rxd2 38. Qxd2 Qd3 39. Qb2 Kg8 0-1

[Event "Hilton Open 2011"]
[Site "Basel"]
[Date "2011.01.02"]
[Round "3"]
[White "Wirz, Heinz"]
[Black "Filipovic, Branko"]
[Result "0-1"]
[WhiteElo "2131"]
[BlackElo "2413"]
[PlyCount "194"]
[EventDate "2011.01.??"]
[EventType "swiss"]
[EventRounds "7"]
[EventCategory "1"]
[SourceDate "2011.01.02"]

1. d4 b6 2. c4 Bb7 3. Nc3 e6 4. Nf3 Bb4 5. Bg5 f6 6. Bd2 f5 7. a3 Bxc3 8. Bxc3
Nf6 9. e3 Ne4 10. Rc1 O-O 11. Bd3 d6 12. O-O Nd7 13. b4 Nxc3 14. Rxc3 e5 15.
dxe5 dxe5 16. c5 Bxf3 17. Qxf3 e4 18. Bc4+ Kh8 19. Qg3 Qf6 20. Rfc1 Ne5 21. Bf1
c6 22. b5 cxb5 23. Bxb5 Rac8 24. c6 Rc7 25. h3 Rd8 26. a4 Rd6 27. a5 h6 28.
axb6 axb6 29. Ra3 Kh7 30. Ra6 Nd3 31. Rb1 Qe7 32. Rxb6 Rg6 33. Qh2 Ne5 34. Qf4
Rf6 35. Rb7 g5 36. Qg3 f4 37. exf4 gxf4 38. Qc3 Rf7 39. Rxc7 Qxc7 40. Qd4 e3
41. f3 Qe7 42. Qe4+ Kg7 43. Be2 Qc5 44. Rb7 Nxc6 45. Rxf7+ Kxf7 46. Qxf4+ Kg7
47. Qg4+ Kf6 48. Qf4+ Kg7 49. Qc4 Qxc4 50. Bxc4 Nd4 51. Bd5 Ne2+ 52. Kf1 Ng3+
53. Ke1 Kf6 54. Kd1 Ke5 55. Bc6 Kf4 56. Bd5 h5 57. Ke1 h4 58. Be6 Ke5 59. Bg4
Kf4 60. Be6 Nh5 61. Ke2 Nf6 62. Kd3 Ne8 63. Bb3 Nd6 64. Be6 Nb5 65. Bc4 Nd6 66.
Be6 Nb7 67. Bc4 Nc5+ 68. Ke2 Na4 69. Ba6 Nc3+ 70. Kd3 Nd1 71. Ke2 Nf2 72. Bb5
Nh1 73. Kd3 Ng3 74. Ba6 Nf5 75. Bc8 Nd4 76. Ba6 Nb3 77. Ke2 Nc5 78. Bc4 Nd7 79.
Ba6 Nf6 80. Bc4 Nh5 81. Ba6 Ng7 82. Bc8 Nh5 83. Ba6 Ng3+ 84. Kd3 Nf5 85. Bc4
Kg3 86. Ke2 Kf4 87. Kd3 Ne7 88. Bb5 Nd5 89. Bc4 Kg3 90. Ke4 Nf4 91. Kxe3 Nxg2+
92. Ke4 Nf4 93. Bf1 Nxh3 94. Kf5 Nf4 95. Kg5 Nd5 96. Bb5 h3 97. Bc6 Nf4 0-1

[Event "Hilton Open 2011"]
[Site "Basel"]
[Date "2011.01.03"]
[Round "4"]
[White "Pelletier, Yannick"]
[Black "Bacrot, Etienne"]
[Result "1/2-1/2"]
[WhiteElo "2586"]
[BlackElo "2723"]
[PlyCount "28"]
[EventDate "2011.01.??"]
[EventType "swiss"]
[EventRounds "7"]
[EventCategory "1"]
[SourceDate "2011.01.02"]

1. d4 Nf6 2. c4 e6 3. Nc3 Bb4 4. Qc2 d5 5. a3 Bxc3+ 6. Qxc3 O-O 7. Nf3 dxc4 8.
Qxc4 b6 9. Bf4 Ba6 10. Qxc7 Qd5 11. Qd6 Qb5 12. Qb4 Qd5 13. Qd6 Qb5 14. Qb4 Qd5
1/2-1/2

[Event "Hilton Open 2011"]
[Site "Basel"]
[Date "2011.01.04"]
[Round "5"]
[White "Bacrot, Etienne"]
[Black "Ibrahimov, Rasul"]
[Result "1-0"]
[WhiteElo "2723"]
[BlackElo "2538"]
[PlyCount "61"]
[EventDate "2011.01.??"]
[EventType "swiss"]
[EventRounds "7"]
[EventCategory "1"]
[SourceDate "2011.01.02"]

1. d4 Nf6 2. c4 e6 3. g3 d5 4. Nf3 Bb4+ 5. Bd2 Be7 6. Bg2 c6 7. Qc2 O-O 8. O-O
b6 9. Rd1 Nbd7 10. Bf4 Ba6 11. cxd5 cxd5 12. Ne5 Rc8 13. Nc6 Qe8 14. Nxe7+ Qxe7
15. Nc3 Nh5 16. Be3 Bc4 17. b3 Ba6 18. a4 f5 19. Bc1 Qb4 20. Na2 Qd6 21. Qd2
Bb7 22. Nc3 Qb8 23. Ba3 Rfd8 24. Qe3 Nf8 25. a5 bxa5 26. Na4 Re8 27. Bxf8 Kxf8
28. Nc5 Kf7 29. Rxa5 Rc7 30. Rb5 Nf6 31. Qe5 1-0

[Event "Hilton Open 2011"]
[Site "Basel"]
[Date "2011.01.04"]
[Round "5"]
[White "Abbasov, Farid"]
[Black "Stojanovic, Mihajlo"]
[Result "1-0"]
[WhiteElo "2537"]
[BlackElo "2572"]
[PlyCount "73"]
[EventDate "2011.01.??"]
[EventType "swiss"]
[EventRounds "7"]
[EventCategory "1"]
[SourceDate "2011.01.02"]

1. d4 d5 2. c4 e6 3. Nc3 Nf6 4. cxd5 exd5 5. Bg5 Be7 6. e3 Nbd7 7. Bd3 O-O 8.
Nge2 c6 9. Qc2 Re8 10. O-O Nf8 11. f3 Be6 12. Rae1 N6d7 13. Bxe7 Qxe7 14. Kh1
Nb6 15. Nf4 Rad8 16. Qf2 Qg5 17. h4 Qf6 18. g4 Bd7 19. b3 Re7 20. Nce2 Rde8 21.
Ng2 Qd6 22. Rc1 Qb4 23. Ng3 Nc8 24. Nh5 a5 25. Bc2 Qa3 26. Qd2 Nd6 27. Rce1 a4
28. Ngf4 axb3 29. axb3 Qa8 30. e4 dxe4 31. Nxg7 e3 32. Qb4 Kxg7 33. Qxd6 Kg8
34. Qh6 e2 35. Rxe2 Rxe2 36. Nh5 Rxc2 37. Qg7# 1-0

[Event "Hilton Open 2011"]
[Site "Basel"]
[Date "2011.01.02"]
[Round "3"]
[White "Lekic, Dusan"]
[Black "Schultz, Raphael"]
[Result "1-0"]
[WhiteElo "2389"]
[BlackElo "2107"]
[PlyCount "47"]
[EventDate "2011.01.??"]
[EventType "swiss"]
[EventRounds "7"]
[EventCategory "1"]
[SourceDate "2011.01.02"]

1. d4 e6 2. c4 b6 3. e4 Bb7 4. Bd3 Bb4+ 5. Kf1 e5 6. a3 Bf8 7. d5 Ne7 8. Nc3
Ng6 9. g3 Be7 10. h4 O-O 11. h5 Nh8 12. Qg4 f6 13. Nf3 d6 14. Nh4 Bc8 15. Nf5
Bxf5 16. exf5 Qc8 17. Rh4 Kf7 18. Be3 a5 19. Kg2 Na6 20. Bc2 c6 21. dxc6 Nc5
22. Bxc5 Qxc6+ 23. Be4 Qxc5 24. Bd5+ 1-0

[Event "Hilton Open 2011"]
[Site "Basel"]
[Date "2011.01.02"]
[Round "3"]
[White "Maier, Christian"]
[Black "Bender, Dirk"]
[Result "1-0"]
[WhiteElo "2367"]
[BlackElo "2112"]
[PlyCount "77"]
[EventDate "2011.01.??"]
[EventType "swiss"]
[EventRounds "7"]
[EventCategory "1"]
[SourceDate "2011.01.02"]

1. e4 c5 2. Nf3 Nc6 3. Bb5 e6 4. O-O g6 5. Re1 Nge7 6. c3 Bg7 7. Ba4 a6 8. d4
b5 9. Bc2 cxd4 10. cxd4 d5 11. e5 O-O 12. Nbd2 Qb6 13. Nb3 Ra7 14. Bg5 f6 15.
Be3 f5 16. Qd2 Kh8 17. Rac1 Ng8 18. Bb1 h6 19. Nh4 Kh7 20. f4 Rd8 21. Kh1 Bf8
22. Re2 a5 23. Nc5 a4 24. g4 Na5 25. Rg2 Nc4 26. Qd3 Nxe3 27. Qxe3 Rg7 28. Qh3
Ne7 29. gxf5 Nxf5 30. Rcg1 Bxc5 31. dxc5 Qxc5 32. Rxg6 Rxg6 33. Rxg6 Qc1+ 34.
Rg1 Qxf4 35. Nxf5 exf5 36. Qg2 Qg5 37. Qh3 Qf4 38. Qh5 Rg8 39. Qf7+ 1-0

[Event "Hilton Open 2011"]
[Site "Basel"]
[Date "2011.01.02"]
[Round "3"]
[White "Paul, Mathias"]
[Black "Kelecevic, Nedeljko"]
[Result "1/2-1/2"]
[WhiteElo "2065"]
[BlackElo "2281"]
[PlyCount "31"]
[EventDate "2011.01.??"]
[EventType "swiss"]
[EventRounds "7"]
[EventCategory "1"]
[SourceDate "2011.01.02"]

1. e4 c6 2. d4 d5 3. e5 Bf5 4. h4 h5 5. c4 e6 6. Nc3 dxc4 7. Bxc4 Nd7 8. Nge2
Nb6 9. Bd3 Ne7 10. Bg5 Bxd3 11. Qxd3 Qd7 12. Ne4 Ng8 13. O-O Nd5 14. Nc5 Bxc5
15. dxc5 f6 16. exf6 1/2-1/2

[Event "Hilton Open 2011"]
[Site "Basel"]
[Date "2011.01.02"]
[Round "4"]
[White "Stojanovic, Mihajlo"]
[Black "Mirzoev, Azer"]
[Result "1/2-1/2"]
[WhiteElo "2572"]
[BlackElo "2563"]
[PlyCount "21"]
[EventDate "2011.01.??"]
[EventType "swiss"]
[EventRounds "7"]
[EventCategory "1"]
[SourceDate "2011.01.02"]

1. c4 c6 2. d4 d5 3. cxd5 cxd5 4. Nc3 Nf6 5. Nf3 Nc6 6. Bf4 e6 7. a3 Bd6 8.
Bxd6 Qxd6 9. e3 O-O 10. Be2 Bd7 11. O-O 1/2-1/2

[Event "Hilton Open 2011"]
[Site "Basel"]
[Date "2011.01.04"]
[Round "5"]
[White "Malakhatko, Vadim"]
[Black "Heimann, Andreas"]
[Result "0-1"]
[WhiteElo "2546"]
[BlackElo "2476"]
[PlyCount "80"]
[EventDate "2011.01.??"]
[EventType "swiss"]
[EventRounds "7"]
[EventCategory "1"]
[SourceDate "2011.01.02"]

1. d4 Nf6 2. c4 g6 3. Nc3 Bg7 4. e4 d6 5. Nf3 O-O 6. Be2 e5 7. O-O Nc6 8. d5
Ne7 9. b4 Ne8 10. a4 f5 11. a5 Nf6 12. Nd2 f4 13. c5 g5 14. f3 Ng6 15. Ba3 Rf7
16. b5 dxc5 17. Bxc5 h5 18. b6 g4 19. bxc7 Rxc7 20. Bb4 Bf8 21. Bxf8 Qxf8 22.
Rc1 g3 23. Nb5 gxh2+ 24. Kh1 Rh7 25. Rf2 h4 26. Nf1 Nh5 27. Nxh2 Ng3+ 28. Kg1
h3 29. Rc7 Bd7 30. d6 Kh8 31. Qd5 hxg2 32. Rxg2 Qg7 33. Bc4 Nh4 34. Rxd7 Ne2+
35. Kf2 Qxg2+ 36. Ke1 Nxf3+ 37. Nxf3 Rh1+ 38. Kd2 Nd4+ 39. Kc3 Qc2+ 40. Kb4
Rb1+ 0-1

[Event "Hilton Open 2011"]
[Site "Basel"]
[Date "2011.01.03"]
[Round "4"]
[White "Schultz, Raphael"]
[Black "Gervasoni, Pietro"]
[Result "1-0"]
[WhiteElo "2107"]
[BlackElo "1980"]
[PlyCount "41"]
[EventDate "2011.01.??"]
[EventType "swiss"]
[EventRounds "7"]
[EventCategory "1"]
[SourceDate "2011.01.02"]

1. c4 Nf6 2. Nc3 e6 3. Nf3 b6 4. e4 d5 5. cxd5 exd5 6. e5 Ng8 7. d4 Be6 8. Be2
Ne7 9. O-O Nf5 10. b4 a5 11. b5 Bb4 12. Qd3 c5 13. bxc6 Nxc6 14. Nb5 O-O 15. g4
Nh4 16. Ng5 g6 17. Qg3 h6 18. Qxh4 hxg5 19. Bxg5 Be7 20. Bf6 Bxf6 21. exf6 1-0

[Event "Hilton Open 2011"]
[Site "Basel"]
[Date "2011.01.03"]
[Round "4"]
[White "Aerni, Andi"]
[Black "Bender, Dirk"]
[Result "0-1"]
[WhiteElo "2182"]
[BlackElo "2112"]
[PlyCount "52"]
[EventDate "2011.01.??"]
[EventType "swiss"]
[EventRounds "7"]
[EventCategory "1"]
[SourceDate "2011.01.02"]

1. e4 c5 2. c3 d6 3. d4 Nd7 4. Nf3 e6 5. Bd3 Be7 6. O-O Ngf6 7. Qe2 O-O 8. Rd1
Qc7 9. Bg5 e5 10. Nbd2 Re8 11. Nf1 Nf8 12. Bb5 Bd7 13. Bxd7 N6xd7 14. Bxe7 Rxe7
15. Ne3 Nf6 16. dxe5 dxe5 17. Nd5 Nxd5 18. exd5 Qd6 19. c4 f5 20. Rac1 e4 21.
Nd2 Rae8 22. b4 Nd7 23. bxc5 Nxc5 24. Nf1 Qg6 25. Rc3 Nd3 26. Ne3 f4 0-1

[Event "Hilton Open 2011"]
[Site "Basel"]
[Date "2011.01.03"]
[Round "4"]
[White "Grandadam, Nicolas"]
[Black "Paul, Mathias"]
[Result "1/2-1/2"]
[WhiteElo "2286"]
[BlackElo "2065"]
[PlyCount "53"]
[EventDate "2011.01.??"]
[EventType "swiss"]
[EventRounds "7"]
[EventCategory "1"]
[SourceDate "2011.01.02"]

1. g3 g6 2. Bg2 Bg7 3. e4 c5 4. Ne2 Nc6 5. O-O d6 6. c3 e5 7. d3 Nge7 8. a3 b5
9. b4 a5 10. bxc5 dxc5 11. Be3 Qd6 12. a4 b4 13. Qc2 Ba6 14. Nc1 Rc8 15. Nd2
Nd4 16. cxd4 cxd4 17. Nc4 Bxc4 18. dxc4 dxe3 19. Nb3 Qa6 20. c5 exf2+ 21. Rxf2
Nc6 22. Bf1 Qa7 23. Bc4 O-O 24. Raf1 Rc7 25. Kg2 Nd4 26. Nxd4 exd4 27. c6
1/2-1/2

[Event "Hilton Open 2011"]
[Site "Basel"]
[Date "2011.01.03"]
[Round "4"]
[White "Kelecevic, Nedeljko"]
[Black "Seitz, Benjamin"]
[Result "1-0"]
[WhiteElo "2281"]
[BlackElo "2084"]
[PlyCount "39"]
[EventDate "2011.01.??"]
[EventType "swiss"]
[EventRounds "7"]
[EventCategory "1"]
[SourceDate "2011.01.02"]

1. d4 Nf6 2. c4 e6 3. Nf3 c5 4. d5 exd5 5. cxd5 Bd6 6. Bg5 Bc7 7. e3 d6 8. Be2
O-O 9. O-O a6 10. a4 Re8 11. Nc3 Nbd7 12. Nd2 h6 13. Bh4 Ne5 14. Nde4 g5 15.
Nxf6+ Qxf6 16. Bg3 Ng6 17. Bd3 Rb8 18. Rc1 Bf5 19. Qf3 h5 20. h3 1-0

[Event "Hilton Open 2011"]
[Site "Basel"]
[Date "2011.01.03"]
[Round "4"]
[White "Ditzler, Juerg"]
[Black "Staechelin, Ruedi"]
[Result "1/2-1/2"]
[WhiteElo "2067"]
[BlackElo "2129"]
[PlyCount "25"]
[EventDate "2011.01.??"]
[EventType "swiss"]
[EventRounds "7"]
[EventCategory "1"]
[SourceDate "2011.01.02"]

1. Nf3 d5 2. d4 c6 3. c4 Nf6 4. cxd5 cxd5 5. Nc3 Nc6 6. Bf4 a6 7. e3 Bg4 8. h3
Bxf3 9. Qxf3 e6 10. Bd3 Be7 11. O-O O-O 12. a3 Qd7 13. Rac1 1/2-1/2

[Event "Hilton Open 2011"]
[Site "Basel"]
[Date "2011.01.04"]
[Round "5"]
[White "Pelletier, Yannick"]
[Black "Ovsejevitsch, Sergei"]
[Result "1/2-1/2"]
[WhiteElo "2586"]
[BlackElo "2582"]
[PlyCount "44"]
[EventDate "2011.01.??"]
[EventType "swiss"]
[EventRounds "7"]
[EventCategory "1"]
[SourceDate "2011.01.02"]

1. d4 Nf6 2. c4 e6 3. g3 Bb4+ 4. Bd2 a5 5. Bg2 d5 6. Qc2 O-O 7. Nf3 c5 8. cxd5
cxd4 9. Nxd4 Qb6 10. e3 Nxd5 11. Nc3 Nxc3 12. bxc3 Be7 13. Rb1 Qc7 14. O-O Nd7
15. Rfd1 Ne5 16. Nb5 Qc4 17. a4 Rd8 18. Be1 Rxd1 19. Qxd1 Bd7 20. Bxb7 Rb8 21.
Bg2 Bxb5 22. axb5 Rxb5 1/2-1/2

[Event "Hilton Open 2011"]
[Site "Basel"]
[Date "2011.01.04"]
[Round "5"]
[White "Korneev, Oleg"]
[Black "Lutz, Bernhard"]
[Result "1-0"]
[WhiteElo "2576"]
[BlackElo "2292"]
[PlyCount "49"]
[EventDate "2011.01.??"]
[EventType "swiss"]
[EventRounds "7"]
[EventCategory "1"]
[SourceDate "2011.01.02"]

1. e4 e6 2. d4 d5 3. Nc3 Bb4 4. e5 c5 5. a3 Bxc3+ 6. bxc3 Ne7 7. Nf3 Nbc6 8. a4
Qa5 9. Qd2 b6 10. Bb5 Ba6 11. Rb1 O-O 12. O-O Rfc8 13. Qd3 Bb7 14. Ng5 Ng6 15.
f4 Rc7 16. Bd2 Nf8 17. f5 exf5 18. Rxf5 h6 19. Nxf7 Rxf7 20. Rxf7 Kxf7 21. c4
Nb4 22. Qf5+ Kg8 23. Rf1 Kh8 24. Qf7 Nh7 25. e6 1-0